Vem där? - Statistics

General Stats
  • This quiz has been taken 20 times
  • The average score is 4 of 11
Answer Stats
Question Answer % Correct
Vem kan sova igenom det tredje världskriget utan att vakna? Annie
67%
Vem har mest speciell musiksmak i världen? Andreas
50%
Vem läser pörr på jobbet? Josefine
50%
Vem är bäst på att framföra "Warra Warra vi åker raggarbil"? Maja
50%
Vem hade velat ha Pepsi Max i sin dropp på sjukhuset? Isabelle
33%
Vem har flest magar? Léon
33%
Vems morsa är mest MILF? Manuel
33%
Du får 1 miljon kronor om denna personen kommer sent, vem ringer du? Maria
33%
Vem är mest gangsta? T ;)
33%
Vem är störst tjejtjusare? Ian
17%
Vem tror att "Hade hade" betyder "Hejdå mitt älskade team, ni var grymma idag (SOM ALLTID) <3" Ludvig
17%
No matching quizzes found
Score Distribution
Percent of People with Each Score
Percentile by Number Answered
Your Score History
You have not taken this quiz